SPV na Slovensku

Bibliographic Details
Format: Article
Language:Slovak
Subjects:

MARC

LEADER 00000nab a2200000 a 4500
001 vtls000506813
003 SK-MaSNL
005 20260304090422.0
008 250425c19931994xo 0 slo
015 |a SNBRB19rr/mm-uuuuu 
035 |a CL0506951 
035 |a urn:nbn:sk:snk-ab1ec1 
035 |a (urnnbn)urn:nbn:sk:snk:ar-002yes 
035 |a (uuid)ffe790de-ad94-41ba-9165-5bd826061509 
040 |a SNKBUCL  |b slo  |c SNKBUCL  |e AACR2 
041 0 |a slo 
044 |a xo  |c SK 
080 |a 373.2:061.25(437.6):061.3  |2 1981 
245 0 0 |a SPV na Slovensku 
650 0 7 |a Spoločnosť pre predškolskú výchovu na Slovensku  |2 snkbucl  |9 58627 
655 7 |a články z novín a časopisov  |2 snkbucl  |9 267496 
773 0 |t Predškolská výchova  |g Roč. 48, č. 5-6 (1993/1994), s. 37 
850 |a Slovenská národná knižnica 
852 |a Slovenská národná knižnica 
954 |a odborná, vedecká literatúra pôvodná (slovenská)  |2 lita 
958 |a article27 
958 |a RK 
958 |a OND 
958 |a EUIPO 
992 |a RBX 
999 |c 2811393  |d 2813323